<?xml version="1.0" encoding="UTF-8"?>
<collection xmlns="http://www.loc.gov/MARC21/slim">
 <record>
  <leader>01211oam2a2200301   4500</leader>
  <controlfield tag="001">in00000004151</controlfield>
  <controlfield tag="005">20230404181103.4</controlfield>
  <datafield tag="010" ind1=" " ind2=" ">
   <subfield code="a">978-7-100-07418-6</subfield>
   <subfield code="d">CNY23.00</subfield>
  </datafield>
  <datafield tag="035" ind1=" " ind2=" ">
   <subfield code="a">005197906</subfield>
  </datafield>
  <datafield tag="100" ind1=" " ind2=" ">
   <subfield code="a">20110324d2010    em y0chiy50      ea</subfield>
  </datafield>
  <datafield tag="101" ind1="0" ind2=" ">
   <subfield code="a">chi</subfield>
  </datafield>
  <datafield tag="102" ind1=" " ind2=" ">
   <subfield code="a">CN</subfield>
   <subfield code="b">110000</subfield>
  </datafield>
  <datafield tag="105" ind1=" " ind2=" ">
   <subfield code="a">a   z   000yy</subfield>
  </datafield>
  <datafield tag="106" ind1=" " ind2=" ">
   <subfield code="a">r</subfield>
  </datafield>
  <datafield tag="200" ind1="1" ind2=" ">
   <subfield code="a">中国官僚政治研究</subfield>
   <subfield code="9">zhong guo guan liao zheng zhi yan jiu</subfield>
   <subfield code="f">王亚南著</subfield>
  </datafield>
  <datafield tag="210" ind1=" " ind2=" ">
   <subfield code="a">北京</subfield>
   <subfield code="c">商务印书馆</subfield>
   <subfield code="d">2010</subfield>
  </datafield>
  <datafield tag="215" ind1=" " ind2=" ">
   <subfield code="a">242页</subfield>
   <subfield code="c">图，照片</subfield>
   <subfield code="d">21cm</subfield>
  </datafield>
  <datafield tag="225" ind1="1" ind2=" ">
   <subfield code="a">中华现代学术名著丛书</subfield>
  </datafield>
  <datafield tag="300" ind1=" " ind2=" ">
   <subfield code="a">国家出版基金项目</subfield>
  </datafield>
  <datafield tag="306" ind1=" " ind2=" ">
   <subfield code="a">本书据时代文化出版社1948年版排印</subfield>
  </datafield>
  <datafield tag="330" ind1=" " ind2=" ">
   <subfield code="a">全书共分十七章，内容包括：论所谓官僚政治、官僚政治在世界各国、官僚政治与儒家思想、官僚贵族化与门阀、传统的旧官僚政治之覆败、中国官僚政治的前途等。</subfield>
  </datafield>
  <datafield tag="461" ind1=" " ind2="0">
   <subfield code="1">2001 </subfield>
   <subfield code="a">中华现代学术名著丛书</subfield>
  </datafield>
  <datafield tag="606" ind1="0" ind2=" ">
   <subfield code="a">官僚主义</subfield>
   <subfield code="x">政治制度</subfield>
   <subfield code="x">研究</subfield>
   <subfield code="y">中国</subfield>
  </datafield>
  <datafield tag="606" ind1="0" ind2=" ">
   <subfield code="a">官僚主义</subfield>
  </datafield>
  <datafield tag="606" ind1="0" ind2=" ">
   <subfield code="a">政治制度</subfield>
  </datafield>
  <datafield tag="690" ind1=" " ind2=" ">
   <subfield code="a">D69</subfield>
   <subfield code="v">4</subfield>
  </datafield>
  <datafield tag="701" ind1=" " ind2="0">
   <subfield code="a">王亚南</subfield>
   <subfield code="9">wang ya nan</subfield>
   <subfield code="f">(1901~1969)</subfield>
   <subfield code="4">著</subfield>
  </datafield>
  <datafield tag="999" ind1="f" ind2="f">
   <subfield code="s">71e29d1c-84b5-4a17-8497-f4ce479023fd</subfield>
   <subfield code="i">b13ddd43-2874-4eef-a3c2-857081f67e92</subfield>
  </datafield>
 </record>
</collection>
